| 000 | 00617nam a2200205 u 4500 | ||
|---|---|---|---|
| 005 | 20240419064010.0 | ||
| 008 | 071004s1999 mx r 000 0 spa d | ||
| 020 | _a9686914919 | ||
| 035 | _aUPN01000152601 | ||
| 049 | _aCG | ||
| 050 | 4 |
_aHD8114 _bH5.7 |
|
| 245 | 0 | 0 |
_aHistoria y cultura obrera / _ccomp. Victoria Novelo. |
| 260 |
_aMéxico : _bInstituto Mora : _bCIESAS, _c1999. |
||
| 300 | _a307 p. | ||
| 440 | 0 | _aAntologías universitarias | |
| 650 | 4 |
_aMOVIMIENTOS OBREROS _915000 |
|
| 650 | 4 |
_aTrabajo y trabajadores _zMéxico _xHistoria _910850 |
|
| 700 | 1 |
_aNovelo, Victoria, _ecomp. _929573 |
|
| 905 | _aLibro | ||
| 999 |
_c124724 _d124724 |
||